000 00279nam a2200109Ia 4500
008 220204s9999 xx 000 0 und d
082 _a658.3
_bPER
245 0 _aPersonnel management. Pt 1-3
260 _aUSA
_bHarward College
_c1951
650 _aPersonnel management
942 _cBK
999 _c37244
_d37244